000 00752nam a2200253Ia 4500
999 _c55658
_d55658
001 22753
003 GE_BSU
005 20220524135942.0
008 181216s1995||||enk|||||||||||||| ||eng||
020 _a3190021437
040 _cGE_BSU
041 _aeng
080 _a81'25.112+81'25.111 F-92
100 _aWolf, Friederich
_913825
245 _aTechnik De Ubersetzens :
_bEnglisch und Deutsch /
_cFriederich, Wolf
264 _aMunchen :
_bMax Hueber Verlag,
_c1995.
300 _a146 p. ;
_b21cm.
522 _aBibl. p.:144-145
653 _aEnglisch und Deutsch
653 _aTechnik De Ubersetzens
653 _aТехнология перевода
653 _aთარგმნის ტექნოლოგია
942 _cBK
_2udc